[Event "ROU-ch Open 2021"]
[Site "Iasi"]
[Date "2021.04.23"]
[Round "6.8"]
[White "Stoleriu, George"]
[Black "Nevednichy, Vladislav"]
[Result "1-0"]
[WhiteElo "2349"]
[BlackElo "2533"]
[Annotator "TA"]
[PlyCount "109"]
[EventDate "2021.04.19"]
[EventType "swiss"]
[EventCountry "ROU"]
[SourceTitle "playchess.com"]
[Source "ChessBase"]
[SourceQuality "1"]

{[%evp 9,109,3,13,4,18,9,18,22,24,25,16,19,23,0,0,0,0,0,6,0,0,0,0,0,0,0,0,-15,-4,-18,19,7,43,50,36,32,86,66,163,179,176,168,162,99,124,125,166,137,150,137,143,99,99,99,102,106,131,54,68,52,100,100,103,99,120,120,114,104,122,118,127,125,124,124,124,125,134,134,134,135,137,134,129,117,131,131,205,212,276,248,575,568,952,942,29969,29970,29970,29972,29969,29971,12844,12229]} 1. e4 c5 2. Nf3 Nc6 3. Bb5 g6 4. Bxc6 bxc6 5. d4 cxd4 6. Qxd4 {B31: Sicilian: 2...Nc6 3 Bb5 g6.} f6 {6...f6 is better than 6...Nf6.} 7. c4 d6 8. O-O {The position is equal.} c5 9. Qd3 Nh6 10. Nc3 Nf7 11. h3 Bg7 12. Re1 O-O 13. Bf4 {[#]} e5 $146 ({Predecessor:} 13... Bb7 14. Rad1 Kh8 15. a3 Rc8 16. b4 cxb4 17. axb4 a6 18. Bg3 Qc7 19. c5 e5 {0-1 (48) Xu,Y (2387)-Bu,X (2669) Shenyang 2019}) 14. Be3 Rb8 15. b3 f5 16. Rad1 f4 17. Bc1 a6 18. Nh2 h5 19. Kf1 g5 20. g4 fxg3 21. Qxg3 Rb7 22. Rd3 Be6 (22... Bh6 $14) 23. Ke2 $16 g4 (23... Bh6 $14) 24. hxg4 $18 h4 25. Qg2 Ng5 26. Be3 (26. Bxg5 $18 Qxg5 27. Rxd6 {[%mdl 64] Double Attack}) 26... Rd7 27. Kd1 Qf6 28. Kc2 Nf3 29. Nxf3 Qxf3 30. Qxf3 Rxf3 31. Rh1 h3 32. g5 Bf8 33. Ne2 ({White should try} 33. Nd5 $16) 33... Bg4 $14 34. Ng1 Rff7 {Black is on the road to losing.} 35. Rh2 (35. Nxh3 Bf3 $15) 35... Rh7 36. Bd2 Rh4 37. Rg3 ({Not} 37. Nxh3 Rdh7 $17) 37... Be6 38. Kd3 ({Inferior is} 38. Nxh3 Rdh7 $17) 38... Rf7 39. g6 ({Worse is} 39. Nxh3 Rfh7 $17) 39... Rxf2 40. Rxf2 h2 {[#]} 41. Rxh2 Rxh2 42. Nf3 Rh3 43. Rxh3 Bxh3 $16 {[%mdl 4096] Endgame KBB-KBN} 44. Nh4 Bf1+ 45. Kc3 Kg7 46. Bg5 Be2 47. Bd8 Bh5 {[#]} (47... Bg4 $16 48. Kd3 Bd7) 48. Nf5+ $1 $18 Kxg6 49. Bc7 Kg5 $2 (49... Bh6 {is tougher.} 50. Bxd6 Bg5 51. Bxc5 Kf7) 50. Bxd6 Bxd6 51. Nxd6 Kf4 52. b4 cxb4+ 53. Kxb4 Bg4 54. c5 Bd7 55. Ka5 {Weighted Error Value: White=0.07/Black=0.33} 1-0

[Event "ROU-ch Open 2021"]
[Site "Iasi"]
[Date "2021.04.23"]
[Round "6.9"]
[White "Ignat, Matei-Marius"]
[Black "Gavrilescu, David"]
[Result "0-1"]
[WhiteElo "1978"]
[BlackElo "2476"]
[Annotator "TA"]
[PlyCount "54"]
[EventDate "2021.04.19"]
[EventType "swiss"]
[EventCountry "ROU"]
[SourceTitle "playchess.com"]
[Source "ChessBase"]
[SourceQuality "1"]

{[%evp 12,54,27,-7,0,0,0,-6,0,0,0,-10,-18,-12,0,0,10,6,14,-11,-14,-22,-15,-13,-22,-109,-69,-389,-356,-397,-404,-510,-498,-482,-491,-1108,-404,-1096,-1085,-1094,-1071,-2186,-2057,-2011,-1156]} 1. c4 e6 2. Nf3 d5 3. e3 Nf6 4. b3 c5 5. Bb2 Nc6 6. cxd5 exd5 7. d4 cxd4 {A13: English Opening: 1...e6.} 8. Nxd4 Bb4+ 9. Bc3 Bd6 $1 {[%mdl 4] The position is equal. is now more promising than 9...Qa5.} 10. Be2 Ne4 11. O-O O-O {[#]} 12. Bb2 $146 ({Predecessor:} 12. Nf3 Bg4 13. Bb2 Qa5 14. a3 Rfd8 15. b4 Qc7 16. Nbd2 Nxd2 17. Qxd2 Bxf3 18. Bxf3 Bxh2+ {0-1 (37) Utiatskaja,I (2192)-Goltseva,E (2304) Yaroslavl 2019}) 12... Re8 13. Nd2 Nxd4 14. Bxd4 Qh4 {[%csl Gd6][%cal Rh4h2]} 15. Nf3 Qh6 $40 {[%mdl 128] White needs to defend precisely.} 16. Bb2 $1 Bg4 17. g3 $1 Rad8 18. a3 (18. Rc1 $11 {remains equal.}) 18... Bh3 19. Re1 $2 {[%mdl 8192] [#] This move loses the game for White.} (19. Bb5 $15) 19... Nxf2 $1 $19 {[%mdl 512]} 20. Qd4 Ne4 21. b4 Bc7 {Threatens to win with ...Bb6.} 22. Bb5 Re6 {...Bxg3! is the strong threat.} 23. Rac1 (23. Qxg7+ $142 Qxg7 24. Bxg7 Kxg7 25. Nd4) 23... Bb6 (23... Bxg3 $142 24. hxg3 Rg6) 24. Qd3 {[#]} (24. Rc5 $142) 24... Nxg3 $1 {[%mdl 512] Black is clearly winning.} 25. hxg3 Rxe3 26. Rxe3 Bxe3+ 27. Kh2 Bf1+ {Weighted Error Value: White=0.85/Black=0.25} 0-1

[Event "ROU-ch Open 2021"]
[Site "Iasi"]
[Date "2021.04.23"]
[Round "6.10"]
[White "Nastore, Pavel-Alexandru"]
[Black "Deac, Bogdan-Daniel"]
[Result "0-1"]
[WhiteElo "2256"]
[BlackElo "2625"]
[Annotator "TA"]
[PlyCount "76"]
[EventDate "2021.04.19"]
[EventType "swiss"]
[EventCountry "ROU"]
[SourceTitle "playchess.com"]
[Source "ChessBase"]
[SourceQuality "1"]

{[%evp 11,76,29,34,-12,-10,-12,-12,-14,-2,-16,-22,-21,-10,-51,-30,-41,-37,-39,-33,-27,-23,-35,-39,-55,0,-85,-66,-79,-71,-104,-98,-94,-116,-118,-103,-122,-115,-143,-142,-62,-44,-104,-110,-262,-272,-258,-227,-241,-231,-312,-305,-298,-293,-304,-313,-682,-440,-428,-432,-600,-608,-616,-516,-1694,-1673,-2615,-2480]} 1. e4 c6 2. d4 d5 3. e5 Bf5 4. Nf3 e6 5. Be2 Ne7 6. O-O h6 $1 {[%mdl 4] [#] 6...h6 is the recent fashion.} 7. Ne1 $146 {B12: Caro-Kann: Advance Variation.} ({Predecessor:} 7. Nbd2 Nd7 8. Nb3 g5 9. Bd2 a5 10. a4 Qc7 11. c3 f6 12. exf6 Ng6 13. c4 Bd6 14. cxd5 exd5 {1-0 (26) So,W (2770)-Firouzja,A (2759) chess24.com INT 2021}) 7... c5 8. dxc5 Nd7 9. f4 {The position is equal.} Nc6 10. Bd3 Bxc5+ 11. Kh1 Ne7 12. a3 Qc7 13. Nd2 O-O 14. c3 f6 15. exf6 Nxf6 16. Nb3 Bb6 17. Qe2 Be4 (17... Rae8 $15) 18. Nf3 (18. Nd2 $11) 18... Nf5 {And now ...Nh5 would win.} 19. Ne5 Bxd3 20. Qxd3 Ne4 21. Nd4 Bxd4 22. cxd4 Rac8 $1 23. g4 Nfd6 24. Qh3 {[#]} Qc2 $1 {White must now prevent ...Nf2+.} 25. Be3 ({White should try} 25. Kg1 $17) 25... Qb3 26. g5 ({Better is} 26. Rae1 $1 $15) 26... Nf5 $17 27. gxh6 $2 {[#] This costs White the game.} (27. Rae1 $17) 27... Rf6 $1 $19 {[%cal Rf6h6]} ({Not} 27... Qxe3 28. h7+ Kh8 29. Ng6#) ({Less strong is} 27... gxh6 28. Qg2+ Nfg3+ 29. hxg3 $17) (27... Qxb2 28. h7+ Kh8 29. Ng6#) 28. h7+ Kh8 29. Rae1 Rcf8 30. Kg1 Rh6 ({But not} 30... Qxb2 31. Qg2 $19) 31. Qf3 Qxb2 {[%csl Gh6][%cal Rb2h2][%mdl 64] Double Attack} 32. Re2 Qxa3 33. Nd7 $2 (33. Bf2 Qa4 34. Kh1) 33... Rf7 {Black is clearly winning.} 34. Ne5 Rff6 {[%cal Bf7f6,Bf6g6,Bg6g4][%mdl 32]} 35. Rc1 Kxh7 {Hoping for ...Nxd4!} 36. Rf1 a5 37. Ng4 (37. Bd2 $142 Rfg6+ 38. Nxg6 Rxg6+ 39. Kh1 Nfg3+ 40. hxg3 Nxg3+ {[%mdl 64] Double Attack} 41. Kg2 Nxe2+ {[%mdl 64] Discovered Attack} 42. Kf2 Qxf3+ 43. Kxf3 Nxd4+ 44. Kf2) 37... Rfg6 38. Rg2 {[#]} Rxg4 $1 {Weighted Error Value: White=0.67/Black=0.14} 0-1

[Event "ROU-ch Open 2021"]
[Site "Iasi"]
[Date "2021.04.23"]
[Round "6.11"]
[White "Filip, Lucian-Ioan"]
[Black "Magold, Victor"]
[Result "1-0"]
[WhiteElo "2442"]
[BlackElo "2014"]
[Annotator "TA"]
[PlyCount "107"]
[EventDate "2021.04.19"]
[EventType "swiss"]
[EventCountry "ROU"]
[SourceTitle "playchess.com"]
[Source "ChessBase"]
[SourceQuality "1"]

{[%evp 10,107,24,28,61,52,62,54,65,37,45,41,49,48,59,47,57,47,48,64,77,77,80,78,82,81,88,72,86,71,85,85,83,74,89,72,83,77,112,86,96,99,131,126,147,121,162,99,181,172,208,171,301,331,344,333,364,254,252,267,391,383,416,185,456,278,451,318,354,325,336,320,569,574,746,744,615,614,739,636,1005,857,989,985,902,885,2851,2653,29989,1606,1494,1312,1203,941,943,941,2143,1919,1918,1888]} 1. d4 {Atalik,S} Nf6 2. c4 e6 3. Nc3 Bb4 4. Qc2 c5 5. dxc5 Bxc5 6. Nf3 Be7 {E38: Nimzo-Indian: Classical: 4...c5.} 7. Bf4 Nh5 8. Bd2 d6 {[#] White is slightly better.} 9. g3 $146 ({Predecessor:} 9. g4 Nf6 10. g5 Nfd7 11. O-O-O a6 12. Ne4 Qc7 13. Bb4 Nc5 14. Nxc5 dxc5 15. Bc3 {1-0 (41) Atalik,S (2535)-Kalesis,N (2355) Aegina 1996 EXT 1997 [Atalik,S]}) 9... a6 10. Bg2 O-O 11. O-O Qc7 12. b3 Nf6 13. Rac1 Nbd7 14. Nd4 Re8 15. h3 Nf8 16. e4 Rb8 17. Be3 Bd7 18. Qb2 Rec8 19. Rfd1 Ng6 20. a4 Qd8 21. Qd2 b6 22. Qe2 Qc7 23. Kh2 h5 24. Kg1 h4 {[#]} 25. g4 $1 Re8 26. Qd2 Rbd8 27. Kh1 Bc8 28. f4 (28. g5 $18) 28... Bb7 (28... e5 $16) 29. f5 $18 Nf8 30. Qf2 Qb8 (30... N6h7 $142 31. Nf3 Nd7 32. fxe6 (32. Nxh4 Bf6 $16) 32... fxe6) 31. g5 (31. Qxh4 Nxe4 32. g5 Nxc3 $11) 31... N6d7 32. Qxh4 Qa8 33. Qg4 Ne5 34. Qg3 {f6 is the strong threat.} Rc8 (34... exf5 $142 35. Nxf5 Nfd7 36. Nxe7+ (36. Nxd6 Bxd6 37. Rxd6 Nc5 $18) 36... Rxe7 37. Rxd6 Nc5) 35. h4 Bd8 36. Nde2 (36. h5 $142) 36... Bc7 $2 (36... exf5 37. Nd5 (37. Rxd6 Bc7 $17) (37. exf5 Bxg2+ 38. Qxg2 Qxg2+ 39. Kxg2 Nxc4 $16) 37... fxe4) 37. Bf4 Rcd8 $2 (37... exf5 {keeps fighting.} 38. exf5 Bxg2+ 39. Qxg2 Qxg2+ 40. Kxg2 Nfd7) 38. Rc2 exf5 39. exf5 Bxg2+ 40. Qxg2 Qc8 $2 (40... Qxg2+ 41. Kxg2 Nc6) 41. Nd4 Nfd7 42. Nd5 Nc5 43. Bh2 Ned3 {Now ...Ne1 and Black clings on.} 44. Rcd2 Re4 45. Rxd3 Nxd3 46. Rxd3 Re1+ 47. Bg1 Kf8 48. Qf3 Rde8 49. Kg2 (49. Qh5 $142 Rxg1+ 50. Kxg1 Re1+ 51. Kf2 Ke8 52. Kxe1 Qd8 53. f6 Kd7 54. Qg4+ Ke8 55. fxg7) 49... Kg8 {White is clearly winning.} 50. Bf2 R1e4 51. Nc3 d5 52. Nxd5 Qb7 {[#]} 53. Re3 $1 Rxe3 {[#]} 54. Nf6+ $1 {[%mdl 512] Weighted Error Value: White=0.24/Black=0.58} 1-0

[Event "ROU-ch Open 2021"]
[Site "Iasi"]
[Date "2021.04.23"]
[Round "6.12"]
[White "Filip, Andrei"]
[Black "Ciorgovean, Iustin"]
[Result "1-0"]
[WhiteElo "2168"]
[BlackElo "2338"]
[Annotator "TA"]
[PlyCount "87"]
[EventDate "2021.04.19"]
[EventType "swiss"]
[EventCountry "ROU"]
[SourceTitle "playchess.com"]
[Source "ChessBase"]
[SourceQuality "1"]

{[%evp 9,87,14,25,9,10,16,15,0,0,0,0,0,1,12,8,15,7,6,9,9,19,10,0,-19,-22,-28,0,11,13,0,0,22,166,172,172,173,203,202,193,177,220,169,179,153,133,136,224,231,229,214,229,210,29984,318,608,595,785,785,769,771,736,736,789,715,691,543,29983,29980,29989,29990,29990,29987,29987,29988,29988,29989,29988,29989,29988,29989]} 1. e4 c5 2. Nf3 d6 3. Bb5+ Nd7 4. O-O a6 5. Bd3 Ngf6 6. Re1 {B51: Sicilian: Moscow Variation (3 Bb5+) without 3...Bd7.} e6 7. c3 b5 8. a4 {The position is equal.} Bb7 9. Bc2 c4 10. d4 cxd3 11. Qxd3 $1 {11.Qxd3 scores better than 11.Bxd3.} Nc5 12. Qe2 bxa4 13. e5 dxe5 14. Nxe5 Qd5 {[%csl Gb7][%cal Rd5g2] [#]} 15. f3 Nb3 16. Rxa4 {Threatens to win with Bg5.} Nxc1 17. Rxc1 {[#]} Be7 $146 ({Predecessor:} 17... Bd6 18. Nc4 Bc7 19. Rb4 O-O 20. Ne3 Qd6 21. g3 Bb6 22. Kg2 Qc7 23. Nd2 Rad8 {0-1 (38) Ziska,H (2533)-Firouzja,A (2682) Le Blanc Mesnil 2019}) 18. Rd1 Qc5+ 19. Kh1 O-O 20. Nd7 Qg5 {A mistake that costs the game.} (20... Nxd7 $11 21. Rxd7 Rab8) 21. Nxf8 $18 Bxf8 22. Nd2 Nh5 23. Ne4 Qe5 24. Qe1 Qc7 25. Qh4 g6 26. Nf6+ Nxf6 27. Qxf6 Bc6 (27... Rb8 $16 28. Qd4 Bc5) 28. Rc4 Qb7 29. Be4 Bxe4 30. fxe4 ({Don't play} 30. Rxe4 $6 Qxb2 31. h3 Qb7 $16) 30... Qb3 $2 (30... h6 $18 31. Qf4 Rc8 32. Rxc8 Qxc8) 31. Rcd4 $2 (31. Rd7 {mates} Be7 32. Qxe7 Rf8 {[#]} 33. Rc8 $3 {[%mdl 512]} Qd1+ 34. Rxd1 Rxc8 35. Rd8+ Rxd8 36. Qxd8+ Kg7 37. c4) 31... e5 $2 (31... Re8 32. Rd7 Be7) 32. Rd7 {White wants to mate with R1d5.} Bg7 33. Rd8+ Bf8 34. h3 Rxd8 35. Rxd8 {Intending Qd6 and mate.} ({Less strong is} 35. Qxd8 Qxb2 36. c4 h5 $18) 35... Qxb2 36. Qxe5 {[%mdl 4096] Endgame aiming for Qd6! KQR-KQB} Qc1+ 37. Kh2 Qa3 38. c4 {White mates.} f6 39. Qxf6 Qc5 40. Rd7 Qxc4 41. e5 Qb3 42. e6 Qb8+ 43. g3 Qe8 44. Rd8 {Weighted Error Value: White=0.24/Black=0.64} 1-0

[Event "ROU-ch Open 2021"]
[Site "Iasi"]
[Date "2021.04.23"]
[Round "6.13"]
[White "Ghimpu, Samuel-Timotei"]
[Black "Padurariu, Mihai-Edward"]
[Result "1/2-1/2"]
[WhiteElo "2315"]
[BlackElo "2084"]
[Annotator "TA"]
[PlyCount "84"]
[EventDate "2021.04.19"]
[EventType "swiss"]
[EventCountry "ROU"]
[SourceTitle "playchess.com"]
[Source "ChessBase"]
[SourceQuality "1"]

{[%evp 9,84,46,64,0,2,2,2,0,0,-6,12,0,0,7,20,-8,-5,-7,0,-29,0,0,-8,-30,0,0,21,21,16,22,20,18,20,15,29,0,23,23,47,27,61,64,66,60,58,23,20,16,26,26,39,43,80,77,73,34,56,6,8,8,18,8,41,16,95,46,59,23,23,24,24,0,0,0,25,0,0]} 1. e4 c6 2. d4 d5 3. e5 c5 4. dxc5 Nc6 5. f4 Bf5 6. Be3 {B12: Caro-Kann: Advance Variation.} (6. Nf3 $14) 6... d4 $1 $11 {[%cal Rd4e3]} 7. Bf2 e6 {[#]} 8. Nf3 $146 {[%cal Rf2d4]} ({Predecessor:} 8. Bd3 Nh6 9. Nf3 Bxc5 10. O-O O-O 11. Nbd2 Bxd3 12. cxd3 Nf5 13. Rc1 Bb6 14. Nc4 {0-1 (96) Gokerkan,C (2470)-Sadovsky,A (2408) Chess.com INT 2021}) 8... Bxc5 9. Bd3 Nge7 10. O-O O-O 11. a3 a6 12. Nbd2 Bxd3 13. cxd3 Nf5 14. Qb3 Qe7 15. Rac1 Ba7 16. Rfe1 h6 17. Nc4 Ne3 18. Nxe3 dxe3 19. Bxe3 Bxe3+ 20. Rxe3 Rfd8 21. Re4 Rac8 22. Rd1 Rd5 23. Rc4 Rcd8 24. Qc3 f6 25. exf6 Qxf6 26. Qxf6 gxf6 27. Re4 Kf7 28. Re3 Ne7 29. d4 Nc6 {[%cal Rc6d4]} 30. Red3 e5 31. fxe5 fxe5 32. Rf1 {Hoping for Nxe5+.} Ke6 {[%cal Rc6d4]} 33. Rb3 Nxd4 34. Rxb7 Nxf3+ 35. Rxf3 {[%mdl 4096] Endgame KRR-KRR} Rd2 36. Rb6+ Kd5 (36... R8d6 $11 {remains equal.} 37. Rxd6+ Rxd6) 37. Rxa6 e4 $1 {[%cal Re4f3]} 38. Ra5+ Kd4 39. Ra4+ Ke5 40. Ra5+ Kd4 41. Ra4+ Ke5 42. Rf1 e3 {Weighted Error Value: White=0.15/Black=0.13} 1/2-1/2

[Event "ROU-ch Open 2021"]
[Site "Iasi"]
[Date "2021.04.23"]
[Round "6.15"]
[White "Antonica, Dragos-Andrei"]
[Black "Ambru, Dan-Calin"]
[Result "1-0"]
[WhiteElo "2291"]
[BlackElo "1990"]
[Annotator "TA"]
[PlyCount "73"]
[EventDate "2021.04.19"]
[EventType "swiss"]
[EventCountry "ROU"]
[SourceTitle "playchess.com"]
[Source "ChessBase"]
[SourceQuality "1"]

{[%evp 16,73,40,24,38,38,67,16,24,15,15,20,25,16,29,20,21,22,22,-29,-23,-43,-43,-59,-33,-33,-45,-35,-23,-23,-30,-23,-37,-32,-18,-15,129,141,141,139,131,99,106,92,92,112,186,172,160,125,407,416,556,556,547,538,548,502,571,562]} 1. c4 Nf6 2. Nc3 g6 3. g3 Bg7 4. Bg2 d6 5. e4 O-O 6. Nge2 e5 7. O-O c6 8. d3 Nbd7 9. h3 Re8 {A24: English Opening vs King's Indian: Lines without ...Nc6.} 10. Be3 a5 11. a3 ({White should try} 11. Rc1 $14) 11... Nc5 $11 {[#] The position is equal.} 12. b4 $146 ({Predecessor:} 12. Qc2 Ne6 13. Rfb1 Nh5 14. f3 f5 15. g4 fxg4 16. hxg4 Nhf4 17. Nxf4 Nxf4 18. Bxf4 exf4 {0-1 (35) Fridl,M (1986)-Zivkovic,N (2249) Bosnjaci 2013}) 12... axb4 13. axb4 Rxa1 14. Qxa1 Ne6 ({Don't play} 14... Nxd3 $6 15. Qb1 $16) 15. Qa7 Nd7 16. Na4 Qe7 17. g4 (17. Nb6 $142) 17... Bf6 18. Rb1 Bg5 19. b5 Bxe3 20. Qxe3 Qf6 21. Rd1 Nd4 22. Nac3 {[%cal Ba4c3,Bc3e2,Be2g3,Bg3e4,Be4f6][%mdl 32]} Nc5 23. bxc6 bxc6 24. f4 Nxe2+ 25. Nxe2 {And now fxe5 would win.} Bd7 (25... exf4 $11 26. Nxf4 Qc3) 26. fxe5 $16 Qe7 27. exd6 Qxd6 28. Qf4 Qe7 29. Ng3 Ne6 30. Qf2 c5 (30... f6 $16) 31. e5 $18 Nd4 32. Re1 f6 $2 {[%mdl 8192] This move loses the game for Black.} (32... Kg7 $16 33. Rf1 h5) 33. Ne4 fxe5 34. Nf6+ {[%mdl 64] [#] Double Attack. White is clearly winning.} Kg7 35. Nxe8+ Bxe8 36. Qg3 Kf8 37. Qxe5 {Weighted Error Value: White=0.15/Black=0.34} 1-0

[Event "ROU-ch Open 2021"]
[Site "Iasi"]
[Date "2021.04.23"]
[Round "6.16"]
[White "Stepanencu, Nicodim-Cosmin"]
[Black "Gheorghiu, Calin"]
[Result "1-0"]
[WhiteElo "2104"]
[BlackElo "2283"]
[Annotator "RC"]
[PlyCount "43"]
[EventDate "2021.04.19"]
[EventType "swiss"]
[EventCountry "ROU"]
[SourceTitle "playchess.com"]
[Source "ChessBase"]
[SourceQuality "1"]
[TimeControl "5400+30"]

1. e4 {[%emt 0:00:00]} e6 {[%emt 0:01:40]} 2. d4 {[%emt 0:00:00]} d5 {[%emt 0:00:04]} 3. Nd2 {[%emt 0:00:00]} c5 {[%emt 0:01:36]} 4. exd5 {[%emt 0:00:00]} Qxd5 {[%emt 0:00:04]} 5. dxc5 {[%emt 0:00:00]} Nf6 {[%emt 0:00:39]} 6. Ngf3 {[%emt 0:00:06]} Qxc5 {[%emt 0:00:59]} 7. Bd3 {[%emt 0:00:14]} Be7 {[%emt 0:00:31]} 8. O-O {[%emt 0:06:13]} O-O {[%emt 0:00:22]} 9. Nb3 {[%emt 0:03:51]} Qc7 {[%emt 0:00:14]} 10. a4 {[%emt 0:00:09]} Nc6 {[%emt 0:01:56]} 11. c3 {[%emt 0:03:50]} b6 {[%emt 0:03:46]} 12. Bg5 {[%emt 0:09:28]} Bb7 {[%emt 0:00:40]} 13. Qe2 {[%emt 0:00:21]} h6 {[%emt 0:03:51]} 14. Bh4 {[%emt 0:01:22]} Nh5 {[%emt 0:03:29]} 15. Qe4 {[%emt 0:41:49]} g6 {[%emt 0:01:51]} 16. Qg4 {[%emt 0:00:19]} Bxh4 {[%emt 0:06:32]} 17. Qxh4 {[%emt 0:00:46]} Rad8 {[%emt 0:24:00]} 18. Be4 {[%emt 0:06:42]} Qf4 {[%emt 0:17:12]} 19. Qxf4 {[%emt 0:08:48]} Nxf4 {[%emt 0:00:09]} 20. Rad1 {[%emt 0:10:01]} f5 {[%emt 0:10:40]} 21. Bxc6 {[%emt 0:02:19]} Bxc6 {[%emt 0:00:02]} 22. Nbd4 {[%emt 0:00:18]} 1-0

[Event "ROU-ch Open 2021"]
[Site "Iasi"]
[Date "2021.04.23"]
[Round "6.17"]
[White "Casangiu, Paul-Horatiu"]
[Black "Daianu, Cristian-Clement"]
[Result "0-1"]
[WhiteElo "2007"]
[BlackElo "2234"]
[Annotator "TA"]
[PlyCount "60"]
[EventDate "2021.04.19"]
[EventType "swiss"]
[EventCountry "ROU"]
[SourceTitle "playchess.com"]
[Source "ChessBase"]
[SourceQuality "1"]

{[%evp 9,60,16,61,49,61,56,69,54,89,68,65,57,60,60,60,24,70,18,47,3,14,14,39,12,34,-28,-14,-32,-32,-67,-11,-98,-95,-85,-82,-150,-72,-77,45,-125,-129,-115,-134,-228,-236,-277,-278,-288,-268,-498,-493,-525,-506]} 1. c4 f5 2. d4 Nf6 3. Nc3 e6 4. a3 Be7 5. Nf3 d6 6. Qc2 {A85: Dutch Defence: 2 c4 Nf6 3 Nc3.} O-O 7. e3 Qe8 8. Bd3 {White is slightly better.} Qh5 {[#]} 9. Bd2 $146 ({Predecessor:} 9. e4 fxe4 10. Nxe4 Nxe4 11. Bxe4 d5 12. Bd3 Nc6 13. Be3 Kh8 14. O-O-O dxc4 15. Qxc4 {1-0 (25) Lecic,P (2160)-Pihajlic,A (1988) Obrenovac 2010}) 9... Nc6 10. Ne2 Qe8 11. b4 g6 12. b5 Nd8 13. h3 (13. O-O $14) 13... c6 14. bxc6 Nxc6 15. Bc3 Bd7 16. Nf4 Rc8 (16... Bd8 $5 {[%cal Re6e5]}) 17. Qb3 ({White should try} 17. O-O $14) 17... Bd8 $1 $11 18. O-O ({Don't go for} 18. Qxb7 $2 e5 $19) 18... e5 19. c5+ Kg7 (19... Kh8 $15 20. d5 Na5 21. Bxa5 Bxa5) 20. d5 Na5 $17 21. Bxa5 Bxa5 22. Qxb7 (22. Ne6+ $142 Bxe6 23. dxe6 Rxc5 24. Qxb7+ Rc7 25. Qb3) 22... Rc7 (22... exf4 $142 23. c6 {[%mdl 64] Pin} fxe3) 23. Qa6 {[#] Hoping for c6.} Rxc5 ({Black should play} 23... exf4 $17 24. Rac1 Rxc5 25. Rxc5 Bb6) 24. Ne6+ (24. Qxd6 $14 exf4 25. Qxc5 {[%mdl 64] Double Attack}) 24... Bxe6 25. dxe6 e4 $36 {[%mdl 2048] Threatens to win with ...Bb6. Black is really pushing.} 26. Qxa7+ (26. Rac1 $17 Bc3 27. Bc4 (27. Qxa7+ $2 Kh6 $19) (27. Qxd6 $2 Rc6 $19)) 26... Bc7 $19 27. Rac1 Qa8 28. Qxa8 Rxa8 29. Nd4 $2 {[#]} (29. Rxc5 {was worth a try.} dxc5 30. Bc4 exf3 31. gxf3) 29... exd3 30. e7 {If only White now had time for Ne6+....} Kf7 {Weighted Error Value: White=0.50/Black=0.25} 0-1

[Event "ROU-ch Open 2021"]
[Site "Iasi"]
[Date "2021.04.23"]
[Round "6.18"]
[White "Illes, Sandor-Ferenc"]
[Black "Martian, Dragos-Daniel"]
[Result "0-1"]
[WhiteElo "1935"]
[BlackElo "2198"]
[Annotator "TA"]
[PlyCount "44"]
[EventDate "2021.04.19"]
[EventType "swiss"]
[EventCountry "ROU"]
[SourceTitle "playchess.com"]
[Source "ChessBase"]
[SourceQuality "1"]

{[%evp 10,44,18,5,28,35,43,5,37,-7,0,-14,11,6,20,-28,5,-13,0,0,0,-89,-87,-58,-16,-77,-64,-67,-70,-125,-143,-314,-312,-671,-650,-814,-782]} 1. e4 c5 2. Nf3 e6 3. d4 cxd4 4. Nxd4 a6 5. Be3 Nf6 6. Nd2 Nc6 {B41: Sicilian: Kan Variation: 5 c4.} 7. f4 d6 {[#]} 8. Bd3 $146 ({Predecessor:} 8. Qf3 Qc7 9. Bd3 Be7 10. h3 h5 11. O-O-O h4 12. g4 hxg3 13. Qxg3 g6 14. Nxc6 bxc6 {0-1 (51) El Ghabi,Z (2041)-Matoussi,A Casablanca 2002}) 8... Be7 {The position is equal.} 9. Qf3 Nb4 10. O-O Nxd3 11. cxd3 O-O 12. g4 Nd7 13. g5 g6 14. Qg3 e5 15. N4f3 {[#]} (15. Ne2 $11) 15... exf4 $1 $17 16. Bxf4 Ne5 17. Bxe5 (17. Nxe5 $11 dxe5 18. Bxe5) 17... dxe5 18. Qxe5 f6 19. Qc3 (19. Qd5+ $15 Qxd5 20. exd5) 19... fxg5 20. Nc4 $2 (20. Kh1 $17) 20... Bh3 $19 {White must now prevent ...g4.} 21. Rf2 $2 (21. d4 Bxf1 22. Rxf1) 21... g4 {[#] Strongly threatening ...Bc5.} 22. Nd4 {Threatens to win with Ne6!} Bc5 {Weighted Error Value: White=0.70/Black=0.09} 0-1